Hutníctvo železa - VSŽ Holding, a.s. analýza odvetvia
V priemyselnom odvetví hutníctva železa je na Slovensku jediný významný podnik VSŽ Holding, a.s. Konsolidované aktíva. Vlastné imanie. Konsolidovaný hospodársky výsledok. Pridaná hodnota a jej ďalšie použitie.
Enregistré dans:
| Format: | Chapitre de livre |
|---|---|
| Langue: | slovaque |
| Sujets: | |
| Tags: |
Pas de tags, Soyez le premier à ajouter un tag!
|
MARC
| LEADER | 00000naa a2200000 4500 | ||
|---|---|---|---|
| 001 | r032522 | ||
| 005 | 20230426111642.7 | ||
| 041 | 0 | |a slo | |
| 044 | |a SK | ||
| 245 | 1 | 0 | |a Hutníctvo železa - VSŽ Holding, a.s. |b analýza odvetvia |
| 520 | |a V priemyselnom odvetví hutníctva železa je na Slovensku jediný významný podnik VSŽ Holding, a.s. Konsolidované aktíva. Vlastné imanie. Konsolidovaný hospodársky výsledok. Pridaná hodnota a jej ďalšie použitie. | ||
| 610 | 2 | 0 | |a hutníctvo |
| 610 | 2 | 0 | |a odvetvia priemyselné |
| 610 | 2 | 0 | |a analýza finančná |
| 610 | 2 | 0 | |a analýza technická |
| 610 | 2 | 0 | |a Slovensko |
| 610 | 2 | 0 | |a výsledok hospodársky |
| 610 | 2 | 0 | |a aktíva |
| 610 | 2 | 0 | |a VSŽ Holding, a.s. Košice |
| 610 | 2 | 0 | |a 1994-1997 |